Über die Ortsnamen im Culmerlande
| Titel: | Über die Ortsnamen im Culmerlande / Brauns |
|---|---|
| Verfasser: | |
| Veröffentlicht: | Wien : Pichler's Witwe & Sohn |
| Format: | Mehrteiliges Werk |
| Sprache: | Deutsch |
| Bände: |
alle Bände anzeigen
|
X
alg: 13018275 001A $03004:09-08-05 001B $01999:28-05-10 $t22:11:50.000 001D $03004:09-08-05 001U $0utf8 001X $00 002@ $0Acu 003@ $0130182753 003O $0179752257 $aOCoLC 010@ $ager 021A $aÜber die Ortsnamen im Culmerlande $hBrauns 028A $#Brauns $7 $8Brauns, ... [Tnd] $9137451466 033A $pWien $nPichler's Witwe & Sohn lok: 13018275 24 exp: 13018275 24 1 #EPN 201B/01 $009-08-05 $t20:37:20.000 203@/01 $0277726832 208@/01 $a09-08-05 $bdummy 201U/01 $0utf8
| LEADER | 00000cam a2200000 ca4500 | ||
|---|---|---|---|
| 001 | 130182753 | ||
| 003 | DE-603 | ||
| 005 | 20100528221150.0 | ||
| 007 | tu | ||
| 008 | 050809s xx |||| | u00||u|ger c | ||
| 035 | |a (DE-599)HEB130182753 | ||
| 035 | |a (OCoLC)179752257 | ||
| 040 | |a DE-603 |b ger |c DE-603 |d DE-603 | ||
| 041 | |a ger | ||
| 100 | 1 | |a Brauns, ... |0 (DE-603)137451466 | |
| 245 | 0 | 0 | |a Über die Ortsnamen im Culmerlande |c Brauns |
| 264 | 1 | |a Wien |b Pichler's Witwe & Sohn | |
| 924 | 0 | |9 603 |a (DE-603)277726832 |b DE-603 |c HES |d d | |


